000 00379nam a2200133Ia 4500
008 170516s9999 xx 000 0 und d
245 _aPancreas-Targeted NIR Fluorophores for Dual-Channel Image-Guided Abdominal Surgery
260 _bTheranostics
260 _c2015
300 _a5:1
650 _xMedical Technology
650 _xMedtech
856 _uhttp://www.thno.org/v5i1
999 _c330600
_d330600